书目信息 |
| 题名: |
中华人民共和国行政许可法释义
|
|
| 作者: | 汪永清 主编 | |
| 分册: | ||
| 出版信息: | 北京 中国法制出版社 2003 |
|
| 页数: | 290页 | |
| 开本: | 20cm | |
| 丛书名: | 法律法规释义系列 | |
| 单 册: | ||
| 中图分类: | D922.115 | |
| 科图分类: | ||
| 主题词: | 行政许可法--法律解释--中国 | |
| 电子资源: | ||
| ISBN: | 7-80182-186-6 | |
| 000 | 00922oam2 2200265 450- | |
| 001 | 0100953067 | |
| 005 | 20040113174550.0 | |
| 010 | @a7-80182-186-6@dCNY22.00 | |
| 011 | @a7-80182-186-6 | |
| 100 | @a20031017d2003 em y0chiy0120 ea | |
| 101 | 0 | @achi |
| 102 | @aCN@b110000 | |
| 105 | @ay nz 000yy | |
| 106 | @ar | |
| 200 | 1 | @a中华人民共和国行政许可法释义@9Zhong Hua Ren Min Gong He;Huo;Hu Guo Xing;Hang;Heng Zheng Xu Ke Fa Shi Yi @f汪永清主编@b专著 |
| 210 | @a北京@c中国法制出版社@d2003 | |
| 215 | @a290页@d20cm | |
| 225 | 2 | @a法律法规释义系列 |
| 330 | @a本书对总则、行政许可的设定、行政许可的实施机关、行政许可的实施程序、行政许可的费用、监督检查、法律责任以及附则等8章内容进行了解释。 | |
| 461 | 0 | @1001012001064745 |
| 606 | 0 | @a行政许可法@x法律解释@y中国 |
| 690 | @aD922.115@v4 | |
| 701 | 0 | @a汪永清@4主编@9wang yong qing |
| 801 | 0 | @aCN@bAZmarc@c20230831 |
| 905 | @aBZT@dD922.115@e15@f1@sD922.115/15 | |
| 中华人民共和国行政许可法释义/汪永清主编.-北京:中国法制出版社,2003 |
| 290页;20cm.-(法律法规释义系列) |
| ISBN 7-80182-186-6:CNY22.00 |
| 本书对总则、行政许可的设定、行政许可的实施机关、行政许可的实施程序、行政许可的费用、监督检查、法律责任以及附则等8章内容进行了解释。 |
| ● |
| 相关链接 |
|
|
|
正题名:中华人民共和国行政许可法释义
索取号:D922.115/15
 
预约/预借
| 序号 | 登录号 | 条形码 | 馆藏地/架位号 | 状态 | 备注 |
| 1 | 2000031752 | 2000031752 | 旧书回溯/ [索取号:D922.115/15] | 在馆 |